000 00342nam a2200133Ia 4500
005 20251222143315.0
008 251222s9999||||xx |||||||||||||| ||spa||
020 _a84-453-1869-1
082 _a709.461/P46
100 _aPérez Vicente, Isaac
245 0 _aLa Luz en la Sombra
264 _bCentro Galego de Arte Contemporánea
942 _cLIB
999 _c15872
_d15872